Statistics for Biggest Cities by First Letter of the Country

Click here to take the quiz!

General Stats

  • This quiz has been taken 56 times
  • The average score is 18 of 24

Answer Stats

Starting Letter of CountryBiggest CityCountry% Correct
UNew YorkUnited States
88%
FParisFrance
88%
JTokyoJapan
88%
IJakartaIndonesia
85%
QDohaQatar
83%
MMexico CityMexico
83%
RMoscowRussia
83%
BSao PauloBrazil
83%
ABuenos AiresArgentina
79%
CGuangzhouChina
79%
NLagosNigeria
79%
YSana'aYemen
77%
VHo Chi Minh CityVietnam
75%
PManilaPhilippines
75%
OMuscatOman
75%
ECairoEgypt
73%
ZLusakaZambia
71%
SSeoulSouth Korea
71%
DKinshasaDR Congo
67%
HPort-au-PrinceHaiti
67%
TBangkokThailand
65%
KNairobiKenya
65%
LBeirutLebanon
50%
GThe RuhrGermany
42%

Score Distribution

Percentile by Number Answered

Percent of People with Each Score

Your Score History

You have not taken this quiz